000 00202nmm a2200085Ia 4500
008 220120s9999||||xx |||||||||||||||||und||
100 _aEFY
245 0 _aEmbedded for you
260 _aEmbedded for you
_c2015
999 _c139976
_d139976